000 00188 a2200097 4500
001 9601
100 _aBoyd, W
245 _aPatnology
260 _a
_bLea & Febign
_c
090 _c7641
_d7641
942 _aNUST-CAE
_cM
_c34313
999 _c244674
_d244674